Kluby w których grał Zinédine Zidane - Statystyki

Ogólne statystyki
  • Ten quiz został rozwiązany 49 razy
  • Średni wynik to 2 z 6
Statystyki odpowiedzi
Lata gry Klub % Poprawnych
10.07.2006 | Koniec kariery jako piłkarz Real Madryt
98%
09.07.2001 - 10.07.2006 Juventus Turyn
78%
01.07.1996 - 09.07.2001 FC Girondins Bordeaux
22%
01.07.1992 - 01.07.1996 Cannes
17%
01.07.1988 - 01.07.1990 AS Cannes Młodzież
7%
01.07.1990 - 01.07.1992 AS Cannes U19
5%
Nie znaleziono quizów pasujących do podanych kryteriów
Rozkład punktacji
Procent ludzi z każdym wynikiem
Percentyl według liczby udzielonych odpowiedzi
Twoja historia wyników
Nie rozwiązałeś tego quizu